000 00260nam a2200097Ia 4500
001 1016436
005 20250826230920.0
008 250824s9999 xx 000 0 und d
245 0 _aKUNDUZ TOYA VE YENİ KOMŞULAR
_cASUMAN SARITAŞ
260 _bÇAMLICA YAYINLARI
999 _c1016436
_d1016436